Academy of banking studies journal

Detalles Bibliográficos
Autor Corporativo: ProQuest Information and Learning Company
Formato: Revista
Lenguaje:inglés
Publicado: Cullowhee, NC : DreamCatchers Group LLC.
Materias:
Acceso en línea:Acceso restringido

MARC

LEADER 00000nas a2200000 4500
005 2011091608518.0
006 m d
007 cr |n ||||
008 070718c20079999us fr pss 0 a0eng c
022 |a 1939-2230 
022 |a 1939-2249 
035 |a 5889 
040 |a NSDP.   |c NSDP.   |d DLC.   |d WaSeSS  |d BUS  |d vLex 
090 |c 2476  |d 2476 
245 0 0 |a Academy of banking studies journal  |h [Recurso electrn̤ico] 
246 3 |a ABSJ. 
256 |a Servicio en ln̕ea. 
260 |a Cullowhee, NC :  |b DreamCatchers Group LLC. 
310 |a Semestral. 
506 1 |a Contenido solo disponible en los productos indicados  |d vLex Global  |d vLex Global (Academic Edition, excluding Law Schools)  |d vLex Global (Academic Edition, Law Schools) 
650 0 4 |a Finanzas  |x Publicaciones perid̤icas. 
650 0 4 |a Bancos  |x Publicaciones perid̤icas. 
710 2 |a ProQuest Information and Learning Company. 
740 0 |a vLex Libros (Servicio en ln̕ea) 
856 4 0 |u http://vlex.com/source/academy-banking-studies-journal-5889  |z Acceso restringido 
942 |c BOOK